Operations Research: An introduction / (Record no. 7361)
[ view plain ]
| 000 -LEADER | |
|---|---|
| fixed length control field | 00350cam a2200133ua 4500 |
| 020 ## - INTERNATIONAL STANDARD BOOK NUMBER | |
| ISBN | 81-203-2235-5 |
| 082 ## - DEWEY DECIMAL CLASSIFICATION NUMBER | |
| Classification number | 658.4034 |
| Item number | TAH/OP |
| 100 ## - MAIN ENTRY--AUTHOR NAME | |
| Personal name | Taha, Hamdy A . |
| 245 ## - TITLE STATEMENT | |
| Title | Operations Research: An introduction / |
| 250 ## - EDITION STATEMENT | |
| Edition statement | 7 / 8 |
| 260 ## - PUBLICATION, DISTRIBUTION, ETC. (IMPRINT) | |
| Place of publication | New Delhi : |
| Name of publisher | Prentice Hall of India Pvt Ltd. , |
| Year of publication | 2004. |
| 300 ## - PHYSICAL DESCRIPTION | |
| Number of Pages | 830 ; .813 |
| 942 ## - ADDED ENTRY ELEMENTS (KOHA) | |
| Koha item type | Books |
| Withdrawn status | Lost status | Damaged status | Home library | Current library | Date acquired | Full call number | Accession Number | Koha item type | Collection code | Shelving location | Source of acquisition | Cost, normal purchase price |
|---|---|---|---|---|---|---|---|---|---|---|---|---|
| KAUAET | KAUAET | 07/04/2012 | 658.4034 TAH/OP | 20746 | Books | |||||||
| KAUAET | KAUAET | 07/04/2012 | 658.4034 TAH/OP | 20747 | Books | |||||||
| KAUAET | KAUAET | 07/04/2012 | 658.4034 TAH/OP | 20970 | Books | |||||||
| KAUAET | KAUAET | 07/04/2012 | 658.4034 TAH/OP | 21385 | Books | |||||||
| KAUAET | KAUAET | 27/08/2016 | 658.4034 TAH/OP | BB 51 | Book Bank scheme for SC students | Scheme | Cosmo Books, Kozhikkode. | 375.00 | ||||
| KAUAET | KAUAET | 27/08/2016 | 658.4034 TAH/OP | BB 52 | Book Bank scheme for SC students | Scheme | Cosmo Books, Kozhikkode. | 375.00 | ||||
| KAUAET | KAUAET | 27/08/2016 | 658.4034 TAH/OP | BB 17 | Book Bank scheme for SC students | Scheme | Cosmo Books, Thrissur. | 295.00 | ||||
| KAUAET | KAUAET | 27/08/2016 | 658.4034 TAH/OP | BB 18 | Book Bank scheme for SC students | Scheme | Cosmo Books, Thrissur. | 295.00 |
